00661nam a2200193Ia 450000500170000000800460001702000180006303700120008104000210009304100130011408400190012710000320014624500860017826000490026430000120031394200190032599900210034495201020036520250508162513.0008 250505s9999 xx 000 0 eng d a0-521-26968-7 aTextual aFEDL bengcFEDL aeng2eng a418, BRUqFEDL aBrumfit Christopher9773306 0aCommunicative methodology in language teaching: The roles of fluency and accuracy aCambridge bCambridge University Pressc1984 ax,166p. cTEXLh418, BRU c1376958d1376958 00104070aFEDLbFEDLd2025-05-08l0o418, BRUpEL0069348r2025-05-08 16:25:13w2025-05-08yTEXL